UBT Library

Power Shift. Knowledge, Wealth, and Violence at the edge of the 21ST Century (Record no. 53431)

000 -LEADER
fixed length control field 00346nam a22001337a 4500
008 - FIXED-LENGTH DATA ELEMENTS--GENERAL INFORMATION
fixed length control field 181218b xxu||||| |||| 00| 0 eng d
020 ## - INTERNATIONAL STANDARD BOOK NUMBER
International Standard Book Number 9780553057768
041 ## - LANGUAGE CODE
Language code of text/sound track or separate title eng
080 ## - UNIVERSAL DECIMAL CLASSIFICATION NUMBER
Universal Decimal Classification number 941
100 ## - Rafti
Rafti 17
101 ## - Shkurtesa
Shkurtesa HIS
245 ## - TITLE STATEMENT
Title Power Shift. Knowledge, Wealth, and Violence at the edge of the 21ST Century
Statement of responsibility, etc Toffler, A
942 ## - ADDED ENTRY ELEMENTS (KOHA)
Source of classification or shelving scheme
Item type Books
Holdings
Withdrawn status Lost status Source of classification or shelving scheme Damaged status Not for loan Collection code Permanent location Current location Shelving location Date acquired Total Checkouts Full call number Barcode Date last seen Price effective from Koha item type
          Koleksioni i përgjithshem UBT - Lipjan UBT - Lipjan Koleksioni i përgjithshem 12/18/2018   941 TOF 002-3018853 12/18/2018 12/18/2018 Books
UBT Library © 2015-2024. All rights reserved University Education for Business and Technology